Responses for show #3590 - Friday, March 24, 2000

Contestants

Bryan Marcus, a sales clerk from Montevallo, Alabama

Cecelia Raxter, a software consultant from Tucker, Georgia

Donna Malcomb, an attorney from Atlanta, Georgia (whose 1-day cash winnings total $8,700)

Jeopardy! Round responses

THE 1980s
ACTOR-DIRECTORS
AUTHORS
BELLS
GOING POSTAL
MILITARY RHYME TIME
    $100 12
Falkland (or Malvinas) Islands

Donna
    $100 1
Life is Beautiful

Donna
    $100 6
Nathaniel Hawthorne

Cecelia
    $100 11
Saint Patrick

Donna
    $100 17
Bugs Bunny

Donna
    $100 15
Sub grub

Triple Stumper
    $200 13
Exxon Valdez

Donna
    $200 2
Warren Beatty

Donna
    $200 7
Lewis Carroll

Cecelia
    $200 22
(D: What are silver bells?)

Sleigh bells

DonnaCecelia
    $200 21
60 cents

Cecelia
    $200 16
Wet jet

Bryan
    $300 14
Kurt Waldheim

Triple Stumper
    $300 3
Marlon Brando

Donna
    $300 8
Mark Twain

Donna
    $300 23
Excommunication

Cecelia
    $300 26
(B: What is registered mail?)
(C: What is certified mail?)

Return receipt

DonnaCeceliaBryan
    $300 18
a real SEAL

Bryan
    $400 20
(D: What are furs?)

Ivory

DonnaBryan
    $400 4
Spike Lee

Cecelia
    $400 9
(D: Who is Michener?)

Robert Louis Stevenson

Donna
    $400 24
Bell tower

Cecelia
    $400 27
Priority mail

Bryan
    $400 28
Grunt punt

Donna
    $500 19
Liberia

Donna
    $500 5
The War of the Roses

Bryan
    $500 10
C.S. Lewis

Cecelia
    $500 25
Watch

Cecelia
    $500 30
ME (Maine)

Donna
    $500 29
Missile whistle

Bryan

Scores at the first commercial break (after clue 14):

Donna Cecelia Bryan
$900 $1,200 $500

Scores at the end of the Jeopardy! Round:

Donna Cecelia Bryan
$2,100 $2,500 $2,000

Double Jeopardy! Round responses

ENGLISH MONARCHS
UNCOMPLIMENTARY NICKNAMES
THE WESTERNMOST
(Alex: I will give you 3 place names; you have to identify the westernmost.)
TELEVISION
THE MINOR PROPHETS
HEY "LADY"!
    $200 1
Queen Victoria

Donna
    $200 11
Nose

Bryan
    $200 23
Monument Valley

Cecelia
    $200 2
Drew Carey

Cecelia
    $200 13
Locust

Bryan
    $200 18
Lady and the Tramp

Donna
    $1,000 7
William the Conqueror

Bryan
    $400 12
(D: Who is Waller?)

Fats Domino

DonnaBryan
    $400 27
(C: What is Bangkok?)

Rangoon

Cecelia
Triple Stumper
    $400 3
Jennifer Love Hewitt

Donna
    $400 14
Shortest book

Cecelia
    $400 19
(B: What is "Mahogany?")

Lady Sings the Blues

CeceliaBryan
    $600 8
George I

Bryan
    $600 15
"Mad Dog"

Donna
    $600 28
(buzzer sounds)

The Pyrenees

Bryan
    $600 4
Saturday Night Live

Triple Stumper
    $600 24
(we have less than a minute to go...)

The whirlwind

Triple Stumper
    $600 20
Ladyfingers

Donna
    $800 9
James I

Bryan
    $800 16
"Kinky"

Triple Stumper
    $800 5
Rob Lowe

Cecelia
    $600 25
(C: No response)

Jonah

Cecelia
    $800 21
(D: What is "My Fair Lady?")

"Lady Windermere's Fan"

DonnaCecelia
    $1000 10
(C: Who is Bess?)
(B: Who is Elizabeth I?)

Anne

CeceliaBryan
Triple Stumper
    $1000 17
"Stubby"

Donna
    $1000 6
David E. Kelley

Bryan
    $1000 26
(B: Who is Xerxes?)

Darius the Great

Bryan
Triple Stumper
    $1000 22
(B: Who is Lady Guinevere?)

The Lady of the Lake

DonnaBryan

Scores at the end of the Double Jeopardy! Round:

Donna Cecelia Bryan
$4,900 $3,300 $3,400

[wagering suggestions for these scores]

Final Jeopardy! Round responses

FUN WITH FIRST FAMILIES
(Alex: What's in store for us with this?)
CeceliaWhat is?
$101
BryanWhat is Rose Bush
$3,399
DonnaWhat is Rose Clinton?
$1,901
Rose Bush

Final scores:

Donna Cecelia Bryan
$2,999 $3,199 $6,799
3rd place: Ducane 2002S Gas Grill 2nd place: Trip to New Zealand courtesy of Collette Tours New champion: $6,799

Game dynamics:

Coryat scores:

Donna Cecelia Bryan
$5,300 $3,900 $2,800
19 R,
5 W
(including 1 DD)
15 R,
4 W
(including 1 DD)
14 R
(including 1 DD),
5 W

Combined Coryat: $12,000

The J! Archive is created by fans, for fans. The Jeopardy! game show and all elements thereof, including but not limited to copyright and trademark thereto, are the property of Jeopardy Productions, Inc. and are protected under law. This website is not affiliated with, sponsored by, or operated by Jeopardy Productions, Inc. Join the discussion at JBoard.tv.